000 00460nam a2200181Ia 4500
008 100917s9999 xx 000 0 und d
082 _b34626
100 _aराजे शैलजा
245 _aसावर
260 _bदिलिप प्रकाशन
_c1978
300 _a168
365 _b16
520 _aकादंबरी
630 _aसावर
650 _aकादंबरी
730 _aसावर
942 _cBOOK
999 _c640020
_d640017